[Event "POR Team Ch"]
[Site "Portugal"]
[Date "1994.??.??"]
[Round "?"]
[White "Galego, Luis"]
[Black "Damaso, Rui"]
[Result "1/2-1/2"]
[WhiteElo "2390"]
[BlackElo "2435"]
[PlyCount "102"]
[EventDate "1994.??.??"]
[Source "www.chesslib.no"]
[SourceDate "2004.05.04"]

1. e4 d5 2. exd5 Nf6 3. Nc3 Nxd5 4. Bc4 Be6 5. Qf3 c6 6. Nge2 Nd7 7. Bxd5 cxd5 8. Nf4 Nf6 9. Nxe6 fxe6 10. O-O Rc8 11. d4 g6 12. Re1 Rc6 13. Qh3 Qb6 14. Qd3 Bg7 15. a4 O-O 16. a5 Qc7 17. Qh3 Nh5 18. Nb5 Qb8 19. c3 a6 20. Na3 e5 21. Nc2 e4 22. Nb4 Rcf6 23. Nxd5 Rxf2 24. Be3 Rxb2 25. Qe6+ Kh8 26. Rf1 Nf6 27. Nxe7 Qc7 28. Nd5 Qc4 29. Rae1 Qa2 30. Qd6 Rxg2+ 31. Kh1 Rg4 32. Rf2 Qxd5 33. Rxf6 Qxd6 34. Rxd6 h5 35. Re6 Rc8 36. Bd2 Rc7 37. R6xe4 Rxe4 38. Rxe4 Kg8 39. Re6 Kf7 40. Rb6 Bf6 41. Kg1 Rd7 42. Rb1 Bd8 43. Ra1 Ke6 44. Kf2 Rd5 45. Rb1 Rb5 46. Rg1 Kf5 47. Ke2 Rxa5 48. Rf1+ Ke6 49. c4 Rf5 50. Rb1 Rf7 51. Kd3 Kd6 1/2-1/2

[Event "POR Ch playoff"]
[Site "Portugal"]
[Date "1994.??.??"]
[Round "4"]
[White "Galego, Luis"]
[Black "Damaso, Rui"]
[Result "0-1"]
[WhiteElo "2390"]
[BlackElo "2435"]
[PlyCount "82"]
[EventDate "1994.??.??"]
[Source "www.chesslib.no"]
[SourceDate "2004.05.04"]

1. e4 d5 2. exd5 Nf6 3. Nc3 Nxd5 4. Bc4 Be6 5. Qf3 c6 6. Nge2 Nc7 7. Bxe6 Nxe6 8. O-O g6 9. d4 Bg7 10. Be3 O-O 11. Rad1 Qa5 12. a3 Nc7 13. Nc1 Nd5 14. Nb3 Qd8 15. Bg5 h6 16. Bc1 Nxc3 17. Qxc3 Nd7 18. Qh3 Kh7 19. Nc5 Nxc5 20. dxc5 Qa5 21. b4 Qa4 22. Rd7 Qxc2 23. Rxe7 b6 24. Be3 Qb3 25. Bf4 Qc4 26. Bd6 bxc5 27. bxc5 Rfe8 28. Rb7 Re4 29. Rb4 Qd5 30. Rxe4 Qxe4 31. Qd7 Qd5 32. h4 Rb8 33. h5 gxh5 34. Qxa7 Rg8 35. Qa4 Bd4 36. g3 h4 37. Rd1 h3 38. Kf1 Qg2+ 39. Ke2 Qxf2+ 40. Kd3 Qe3+ 41. Kc2 Qc3+ 0-1

[Event "CRO-Cup"]
[Site "Pula"]
[Date "1999.05.27"]
[Round "4"]
[White "Arapovic, Vitomir"]
[Black "Ljubicic, Filip"]
[Result "1-0"]
[WhiteElo "2425"]
[BlackElo "2396"]
[PlyCount "71"]
[EventDate "1999.05.??"]
[Source "ChessBase"]
[SourceDate "1999.07.10"]

1. e4 d5 2. exd5 Nf6 3. Nc3 Nxd5 4. Bc4 c6 5. Qf3 Nf6 6. Nge2 Bg4 7. Qg3 e6 8. d3 Nbd7 9. f3 Bf5 10. Ne4 Nb6 11. Bb3 Bg6 12. Nxf6+ Qxf6 13. h4 h6 14. Nc3 Bb4 15. Bd2 O-O-O 16. O-O-O Bd6 17. Qf2 Bf4 18. Bxf4 Qxf4+ 19. Kb1 h5 20. Qc5 Kb8 21. Qg5 Qxg5 22. hxg5 Nd5 23. Bxd5 cxd5 24. Rh4 f6 25. gxf6 gxf6 26. Rdh1 Rhg8 27. g4 hxg4 28. fxg4 e5 29. Rf1 Rd6 30. a3 a6 31. Rh6 Kc7 32. Rxf6 d4 33. Nd5+ Kd7 34. Rxd6+ Kxd6 35. Nf6 Rg7 36. Ne8+ 1-0

[Event "Cappelle Open"]
[Site "Cappelle la Grande FRA"]
[Date "1994.??.??"]
[Round "6"]
[White "Schlindwein, Rolf"]
[Black "Rausis, Igors"]
[Result "1/2-1/2"]
[WhiteElo "2325"]
[BlackElo "2495"]
[PlyCount "35"]
[EventDate "1994.02.??"]
[Source "www.chesslib.no"]
[SourceDate "2004.05.04"]

1. Nc3 d5 2. e4 Nf6 3. e5 d4 4. exf6 dxc3 5. fxg7 cxd2+ 6. Qxd2 Qxd2+ 7. Bxd2 Bxg7 8. O-O-O Nc6 9. Bb5 Bd7 10. Ne2 a6 11. Bc4 Ne5 12. Bd5 e6 13. Bxb7 Rb8 14. Bxa6 Rb6 15. Bc3 Rxa6 16. f4 Rxa2 17. Kb1 Ra4 18. fxe5 1/2-1/2

[Event "Ufa"]
[Site "Ufa"]
[Date "1993.??.??"]
[Round "?"]
[White "Yandemirov, Valeri"]
[Black "Bezgodov, Alexei"]
[Result "1-0"]
[WhiteElo "2465"]
[BlackElo "2345"]
[PlyCount "89"]
[EventDate "1993.??.??"]
[Source "ChessBase"]

1. e4 d5 2. exd5 Nf6 3. Nc3 Nxd5 4. Bc4 e6 5. Nf3 Be7 6. O-O O-O 7. d4 c6 8. Ne4 Nd7 9. Re1 b6 10. Ne5 Bb7 11. c3 c5 12. Bb5 Nxe5 13. dxe5 Nc7 14. Bd3 c4 15. Bc2 Qxd1 16. Rxd1 Nd5 17. Bg5 f6 18. exf6 gxf6 19. Bh4 Rf7 20. Rd2 Rg7 21. Re1 Kf7 22. Bd1 Bc6 23. Bf3 f5 24. Bh5+ Kg8 25. Bxe7 fxe4 26. Bd6 Nf6 27. Bd1 e3 28. Rxe3 Ne4 29. Rd4 Nxd6 30. Rxd6 Bxg2 31. Rg3 Bd5 32. Rd7 Rxg3+ 33. hxg3 Be4 34. f4 Bc6 35. Rd6 Bd5 36. Kf2 h6 37. Ke3 Rf8 38. Rd7 a5 39. Bc2 b5 40. Kd4 b4 41. Ke5 b3 42. Bh7+ Kh8 43. a3 Bc6 44. Rc7 Rd8 45. Bg6 1-0

[Event "CZE Team Ch"]
[Site "Czech Republic"]
[Date "1993.??.??"]
[Round "?"]
[White "Dobrovolsky, Ladislav"]
[Black "Biolek, Richard"]
[Result "0-1"]
[WhiteElo "2390"]
[BlackElo "2415"]
[PlyCount "68"]
[EventDate "1993.??.??"]
[Source "www.chesslib.no"]
[SourceDate "2004.05.04"]

1. e4 d5 2. exd5 Nf6 3. Nc3 Nxd5 4. Bc4 Nb6 5. Bb3 c5 6. d3 Nc6 7. Qf3 e6 8. Nge2 Be7 9. Qg3 O-O 10. Bh6 Bf6 11. h4 Kh8 12. Bg5 Be7 13. Nf4 Nd4 14. Nh5 Nf5 15. Bxe7 Qxe7 16. Qe5 f6 17. Qe4 a5 18. Nf4 a4 19. Bc4 e5 20. Nfd5 Nxd5 21. Bxd5 Rb8 22. Qxa4 Nd4 23. Qa7 Be6 24. O-O-O Bxd5 25. Nxd5 Qe6 26. c4 b5 27. h5 h6 28. Rd2 Ra8 29. Qe7 Qxe7 30. Nxe7 Rxa2 31. Rdd1 Rb8 32. Kb1 Rba8 33. Kc1 bxc4 34. dxc4 Rb8 0-1

[Event "Monarch Assurance"]
[Site "Isle of Man"]
[Date "2007.09.28"]
[Round "7.19"]
[White "Horner, Jeff"]
[Black "Smerdon, David"]
[Result "1-0"]
[WhiteElo "2344"]
[BlackElo "2461"]
[PlyCount "61"]
[EventDate "2007.09.22"]
[Source "www.chesslib.no"]
[SourceDate "2004.05.04"]

1. e4 d5 2. exd5 Nf6 3. Nc3 Nxd5 4. Bc4 Nb6 5. Bb3 Nc6 6. Nf3 Bf5 7. O-O e6 8. d4 Be7 9. h3 O-O 10. a3 Bf6 11. Be3 Na5 12. Ba2 c5 13. dxc5 Nbc4 14. Qc1 Bxc3 15. bxc3 Qc7 16. Bd4 e5 17. Nxe5 Nxe5 18. Qf4 Bxc2 19. Bxe5 Qd7 20. Rac1 Qf5 21. Rxc2 Qxc2 22. Bb1 Qe2 23. Qf5 f6 24. Qxh7+ Kf7 25. Bd6 Rfd8 26. Bd3 Qd2 27. Qh5+ Kg8 28. Bh7+ Kh8 29. f4 Rxd6 30. Bg6+ Kg8 31. cxd6 1-0

[Event "Goetzis"]
[Site "Goetzis"]
[Date "1995.??.??"]
[Round "1"]
[White "Donev, Ivo H"]
[Black "Dobosz, Henryk"]
[Result "1/2-1/2"]
[WhiteElo "2385"]
[BlackElo "2420"]
[PlyCount "31"]
[EventDate "1995.??.??"]
[Source "www.chesslib.no"]
[SourceDate "2004.05.04"]

1. e4 d5 2. Nc3 Nf6 3. e5 d4 4. exf6 dxc3 5. fxg7 cxd2+ 6. Qxd2 Qxd2+ 7. Bxd2 Bxg7 8. O-O-O Bf5 9. Ne2 Nd7 10. Ng3 Bg6 11. f4 e6 12. f5 exf5 13. Bd3 f4 14. Bxf4 O-O-O 15. Bf5 Rhe8 16. Rhe1 1/2-1/2

[Event "Pappier Memorial B"]
[Site "CAPA email"]
[Date "1998.05.08"]
[Round "9"]
[White "Tavares, Antonio Jose"]
[Black "Nicholls, Mervyn C"]
[Result "0-1"]
[WhiteElo "2495"]
[BlackElo "2310"]
[PlyCount "110"]
[EventDate "1998.??.??"]
[Source "www.chesslib.no"]
[SourceDate "2004.05.04"]

1. e4 Nf6 2. d4 Nxe4 3. Bd3 d5 4. Ne2 Nf6 5. O-O Nc6 6. Nbc3 a6 7. Bf4 Nb4 8. Ng3 Nxd3 9. Qxd3 e6 10. Rfe1 Bd6 11. Bg5 O-O 12. Qf3 Be7 13. Rad1 h6 14. Bf4 c5 15. dxc5 Bxc5 16. Na4 Bb4 17. Nc3 Bd6 18. Rd2 Bxf4 19. Qxf4 Bd7 20. Qb4 Qc7 21. Nce2 Rfc8 22. c3 Qc4 23. Qa3 a5 24. Rd4 Qc7 25. Qb3 e5 26. Rd2 b5 27. a3 Rab8 28. Nc1 b4 29. axb4 Be6 30. b5 d4 31. Qa4 dxc3 32. Rc2 cxb2 33. Rxc7 b1=Q 34. Rxc8+ Rxc8 35. Nge2 Qb4 36. Qxb4 axb4 37. Nd3 b3 38. Rb1 Nd7 39. f3 Rc2 40. Nec1 Rc3 41. Nb2 Rc5 42. Ne2 Rxb5 43. Kf2 Nb6 44. Nc3 Rc5 45. Nbd1 f5 46. h3 Kf7 47. g4 g6 48. Ke1 Rc7 49. Rb2 Rb7 50. Rb1 Nc4 51. Nb2 Kf6 52. Kf2 Nxb2 53. Rxb2 Kg5 54. Kg3 f4+ 55. Kg2 Rc7 0-1

[Event "otb"]
[Site "otb"]
[Date "2007.04.05"]
[Round "3"]
[White "Khairullin Ildar"]
[Black "Kalvaitis Sigitas"]
[Result "1/2-1/2"]
[WhiteElo "2586"]
[BlackElo "2216"]
[PlyCount "26"]
[Source "www.chesslib.no"]
[SourceDate "2004.05.04"]

1. e4 Nf6 2. Nf3 d6 3. d4 Nxe4 4. Bd3 Nc6 5. O-O Nb4 6. c4 Nc3 7. Be2 Nc6 8. Nbd2 Nxd1 9. Rxd1 Nb4 10. Nb3 Nd3 11. Be3 Nxb2 12. Rd2 Nd3 13. Rad1 Nb2 1/2-1/2

[Event "Moscow IM3"]
[Site "Moscow"]
[Date "1996.??.??"]
[Round "?"]
[White "Radzhabov, Shamsutdin"]
[Black "Maljutin, Evgeni"]
[Result "0-1"]
[WhiteElo "2305"]
[BlackElo "2495"]
[PlyCount "78"]
[EventDate "1996.??.??"]
[Source "www.chesslib.no"]
[SourceDate "2004.05.04"]

1. e4 d5 2. exd5 Nf6 3. Nc3 Nxd5 4. Bc4 c6 5. d4 Nxc3 6. bxc3 Bf5 7. Nf3 e6 8. O-O Nd7 9. Re1 Bd6 10. Rb1 Qc7 11. h3 h6 12. Nh4 Bh7 13. Qg4 Kf8 14. Re2 g5 15. Rxe6 fxe6 16. Qxe6 Bg8 17. Qf5+ Ke8 18. Qg6+ Kd8 19. Bxg8 Nf8 20. Qf6+ Qe7 21. Bxg5 hxg5 22. Qxh8 gxh4 23. Qh5 Kc7 24. Kf1 Nd7 25. Re1 Qf6 26. Be6 Rf8 27. Re2 Nb6 28. Bb3 Bg3 29. f3 Qf4 30. Qe5+ Qxe5 31. dxe5 c5 32. a4 a5 33. e6 c4 34. Ba2 Rd8 35. Re3 Rd1+ 36. Ke2 Re1+ 37. Kd2 Bf4 38. Kxe1 Bxe3 39. Ke2 Bf4 0-1

[Event "It (Open) Piacenza ITA"]
[Site "?"]
[Date "2005.10.26"]
[Round "6"]
[White "Sergeev Vlastimil Stepanovi"]
[Black "Sikora Lerch Jan"]
[Result "1-0"]
[WhiteElo "2472"]
[BlackElo "2324"]
[PlyCount "61"]
[EventDate "2005.??.??"]
[Source "www.chesslib.no"]
[SourceDate "2004.05.04"]

1. e4 d5 2. Nc3 Nf6 3. e5 Nfd7 4. Nxd5 Nxe5 5. Ne3 Nec6 6. f4 e5 7. fxe5 Bc5 8. Qe2 O-O 9. Nf3 Nd4 10. Nxd4 Bxd4 11. c3 Bxe5 12. d4 Qh4+ 13. Qf2 Qxf2+ 14. Kxf2 Bd6 15. Nc4 Be7 16. Bf4 Bd8 17. Be2 Nd7 18. Rhe1 g5 19. Bd2 Nb6 20. Na5 Bf6 21. Bf3 Rb8 22. Rad1 c5 23. Be3 Na4 24. Re2 Bd8 25. Nc4 b5 26. Ne5 cxd4 27. cxd4 Rb6 28. Rc1 f6 29. Nc6 g4 30. Bd5+ Kg7 31. b3 1-0

[Event "Bad Woerishofen Open"]
[Site "Bad Woerishofen GER"]
[Date "1995.??.??"]
[Round "8"]
[White "Roeder, Frank"]
[Black "Panchenko, Alexandar G"]
[Result "0-1"]
[WhiteElo "2305"]
[BlackElo "2490"]
[PlyCount "176"]
[EventDate "1995.03.??"]
[Source "www.chesslib.no"]
[SourceDate "2004.05.04"]

1. e4 Nf6 2. Nc3 Nc6 3. d4 d5 4. e5 Nd7 5. Nxd5 Ndb8 6. Bc4 Be6 7. Ne3 Bxc4 8. Nxc4 Qd5 9. Ne3 Qxd4 10. Qxd4 Nxd4 11. b3 e6 12. Bb2 Ndc6 13. Nf3 Bc5 14. Ke2 Bxe3 15. Kxe3 Nb4 16. Ke2 Nd5 17. Rhd1 Nd7 18. c4 Nf4+ 19. Kf1 h6 20. g3 Ng6 21. Rd2 O-O-O 22. Rad1 a6 23. Ke2 Rhe8 24. Ke3 Ne7 25. Ba3 Nc6 26. Bb2 a5 27. Bc3 b6 28. Nd4 Nxd4 29. Rxd4 Nc5 30. Rxd8+ Rxd8 31. Rxd8+ Kxd8 32. Bd4 Na6 33. Bc3 Kd7 34. f4 h5 35. h3 Nb8 36. g4 hxg4 37. hxg4 g6 38. Ke4 Nc6 39. Kd3 Ne7 40. Bb2 Ke8 41. Ke4 Nc6 42. Bc3 Kd7 43. Bd2 Ne7 44. Bc1 Nc6 45. Bd2 Nd8 46. Bc1 Nb7 47. Be3 Kc6 48. Kd3 Nd8 49. Bd2 Kb7 50. Ke4 Nc6 51. Bc3 Ka6 52. Kd3 Ne7 53. Bd2 Nc6 54. Bc3 Nb8 55. Bd4 Nd7 56. Kc2 c6 57. a4 b5 58. axb5+ cxb5 59. Kc3 Nb8 60. Bc5 b4+ 61. Kd3 Nc6 62. Kc2 g5 63. Be3 gxf4 64. Bxf4 Nd4+ 65. Kb2 Kb7 66. Be3 Nc6 67. Bf4 Kb6 68. Kc2 Nd4+ 69. Kb2 Ka6 70. Be3 Nc6 71. Bf4 a4 72. bxa4 Ka5 73. Kb3 Nd4+ 74. Kb2 Kxa4 75. Bh6 Nc6 76. Bf4 Na5 77. c5 Nc4+ 78. Kc2 b3+ 79. Kc3 b2 80. Kc2 Ka3 81. Bc1 bxc1=Q+ 82. Kxc1 Nxe5 83. Kd2 Kb4 84. c6 Nxc6 85. Ke3 Kc5 86. Kf4 Kd4 87. Kg5 Ne5 88. Kf6 Nxg4+ 0-1

[Event "TESCO op 4"]
[Site "Prievidza"]
[Date "1997.??.??"]
[Round "6"]
[White "Doghri, Nabil"]
[Black "Sergeev, Vladimir"]
[Result "0-1"]
[WhiteElo "2340"]
[BlackElo "2455"]
[PlyCount "140"]
[EventDate "1997.09.06"]
[Source "www.chesslib.no"]
[SourceDate "2004.05.04"]

1. e4 Nf6 2. Nc3 Nc6 3. Nf3 d5 4. e5 Ne4 5. d4 Bg4 6. Be2 Nxc3 7. bxc3 e6 8. Rb1 Na5 9. Nd2 Bxe2 10. Qxe2 Qd7 11. c4 dxc4 12. Nxc4 Nxc4 13. Qxc4 O-O-O 14. Be3 Qd5 15. Qxd5 Rxd5 16. c4 Ra5 17. Rb2 Ba3 18. Rc2 Rd8 19. Ke2 c5 20. Rd1 cxd4 21. Bxd4 Ra4 22. Be3 Rxd1 23. Kxd1 Kc7 24. Ke2 Kc6 25. Kd3 Bc5 26. Bd4 b6 27. Ke4 h5 28. Kd3 Ra3+ 29. Ke4 Be7 30. Be3 f5+ 31. exf6 gxf6 32. Bc1 Ra4 33. Kd3 Bd6 34. h3 f5 35. Re2 e5 36. f3 b5 37. cxb5+ Kxb5 38. Kc3 Rc4+ 39. Kb2 Kc6 40. Bd2 Kd5 41. Bc3 h4 42. Kb3 Rc6 43. Rd2+ Ke6 44. Re2 Rc5 45. a4 Rd5 46. Kc4 Be7 47. Rb2 Rc5+ 48. Kb3 Bg5 49. Re2 Bf4 50. Bd4 Rc7 51. Bf2 Bg3 52. Bxg3 hxg3 53. Rc2 Rb7+ 54. Kc4 Rb1 55. Rd2 Ra1 56. Kb5 e4 57. fxe4 fxe4 58. h4 Ke5 59. h5 e3 60. Rd8 Rh1 61. Kc4 Rc1+ 62. Kb3 Rc6 63. Rg8 Kf4 64. Rf8+ Kg4 65. Rg8+ Kf4 66. Rf8+ Ke4 67. Re8+ Kd3 68. Rd8+ Ke2 69. Rg8 Kf2 70. Rg6 Rc5 0-1

[Event "Moscow ol (Men)"]
[Site "Moscow"]
[Date "1994.??.??"]
[Round "5"]
[White "Roselli Mailhe, Bernardo"]
[Black "Bryson, Douglas M"]
[Result "1-0"]
[WhiteElo "2425"]
[BlackElo "2370"]
[PlyCount "83"]
[EventDate "1994.11.??"]
[Source "ChessBase"]

1. e4 d5 2. exd5 Nf6 3. Nc3 Nxd5 4. Bc4 Nb6 5. Bb3 Nc6 6. a4 Nd4 7. Ba2 Bf5 8. d3 e6 9. Nge2 c5 10. Ng3 Bg6 11. O-O Be7 12. Nce2 Nd5 13. c3 Nc6 14. d4 cxd4 15. Nxd4 O-O 16. Re1 Bf6 17. Nxc6 bxc6 18. Nh5 Bg5 19. Ng3 Bxc1 20. Qxc1 Rb8 21. Bb1 Rb3 22. Bxg6 hxg6 23. Ne4 Qe7 24. Nd2 Rb7 25. b4 a5 26. bxa5 Qc5 27. c4 Nf6 28. Qc3 Rfb8 29. Rab1 Nd5 30. Rxb7 Nxc3 31. Rxb8+ Kh7 32. Re3 g5 33. Rxc3 Qxa5 34. Rbb3 Qxa4 35. Nf1 Kg6 36. Rb7 g4 37. Rd3 Qxc4 38. Rdd7 f5 39. Rxg7+ Kf6 40. Rgf7+ Ke5 41. Rbc7 Qd5 42. Rc8 1-0

[Event "JUG Cup"]
[Site "Ulcinj"]
[Date "1997.??.??"]
[Round "?"]
[White "Mackic, Zoran"]
[Black "Sandic, Vladeta"]
[Result "1/2-1/2"]
[WhiteElo "2430"]
[BlackElo "2360"]
[PlyCount "44"]
[EventDate "1997.??.??"]
[Source "www.chesslib.no"]
[SourceDate "2004.05.04"]

1. e4 d5 2. exd5 Nf6 3. Nc3 Nxd5 4. Bc4 e6 5. Nge2 Be7 6. O-O O-O 7. d4 b6 8. Nxd5 exd5 9. Bd3 c5 10. c3 Nc6 11. Be3 Bg4 12. f3 Be6 13. Qa4 Qd7 14. dxc5 bxc5 15. Rad1 Rab8 16. b3 Rfd8 17. Nf4 Ne5 18. Qxd7 Rxd7 19. Nxe6 fxe6 20. Bf4 Bd6 21. Be2 Ng6 22. Bxd6 Rxd6 1/2-1/2

[Event "TUR-GEO Chess Summit"]
[Site "Ankara"]
[Date "2002.08.09"]
[Round "7"]
[White "Olcayoz, Alper"]
[Black "Gaprindashvili, Valerian"]
[Result "0-1"]
[WhiteElo "2312"]
[BlackElo "2471"]
[PlyCount "90"]
[EventDate "2002.08.05"]
[Source "ChessBase"]
[SourceDate "2002.09.11"]

1. e4 d5 2. exd5 Nf6 3. Nc3 Nxd5 4. Bc4 c6 5. Qf3 e6 6. Nge2 b6 7. Qg3 h5 8. h4 Nd7 9. d3 N7f6 10. Bg5 Bb7 11. Nxd5 exd5 12. Qe5+ Kd7 13. Bb3 Bd6 14. Qf5+ Kc7 15. d4 Ba6 16. Bxf6 Qxf6 17. Qxf6 gxf6 18. Kd2 Rhg8 19. g3 f5 20. Rae1 Bxe2 21. Rxe2 f4 22. gxf4 Rg4 23. c3 Rxf4 24. Bd1 Rg8 25. f3 Rg3 26. Re8 Kd7 27. Rh8 Rg2+ 28. Kc1 Rf5 29. Rf1 Bg3 30. Bc2 Rf4 31. Rxh5 Bxh4 32. Bf5+ Kd6 33. Bh3 Rg3 34. Bf5 Bg5 35. Bd3 Rfxf3+ 36. Kc2 Rg2+ 37. Kb3 Rxd3 38. Rxf7 Rdd2 39. a3 Rxb2+ 40. Ka4 Ra2 41. Rxa7 b5+ 42. Kb4 Rgb2+ 43. Ka5 Rxa3+ 44. Kb6 Rxa7 45. Kxa7 Be7 0-1

[Event "Corr"]
[Site "?"]
[Date "2000.01.09"]
[Round "?"]
[White "Gather Juergen"]
[Black "Soberano Joaquin Pedro (POR)"]
[Result "1/2-1/2"]
[WhiteElo "2419"]
[BlackElo "2363"]
[PlyCount "141"]
[EventDate "2000.??.??"]
[Source "www.chesslib.no"]
[SourceDate "2004.05.04"]

1. e4 d5 2. exd5 Nf6 3. Nc3 Nxd5 4. Bc4 Nb6 5. Bb3 Nc6 6. Qf3 e6 7. Nge2 Be7 8. O-O O-O 9. a3 a5 10. d3 a4 11. Ba2 Ra5 12. Be3 Ne5 13. Qg3 Bd7 14. f4 Ng6 15. Qf2 Nc8 16. Ne4 Nd6 17. Nxd6 Bxd6 18. Ng3 Qh4 19. Ne4 Qxf2+ 20. Rxf2 Be7 21. g3 Bc6 22. Re1 Rd8 23. Rfe2 Rb5 24. Bc1 h5 25. Bc4 Rf5 26. Nf2 Bc5 27. Be3 Bxe3 28. Rxe3 h4 29. c3 Rc5 30. Ba2 hxg3 31. hxg3 Ne7 32. g4 Rb5 33. R1e2 Nd5 34. Re4 Nb6 35. Re5 Rxe5 36. Rxe5 Nd7 37. Re1 Kf8 38. g5 Nb6 39. Kh2 Nd5 40. Kg3 Ne7 41. d4 Nf5+ 42. Kg4 Bd5 43. Bxd5 Rxd5 44. Nd3 b6 45. g6 Ke7 46. gxf7 Kxf7 47. Ne5+ Kf6 48. Kf3 Ke7 49. Nc6+ Kd7 50. Nb4 Rd6 51. Nd3 Ke7 52. Nf2 Rd5 53. Ne4 Rb5 54. Re2 g6 55. Ng5 Ng7 56. Kg4 Kf6 57. Ne4+ Kf7 58. Nf2 Rf5 59. c4 Rh5 60. Ne4 Rh1 61. Ng5+ Kf6 62. Ne4+ Ke7 63. Nc3 Rg1+ 64. Kf3 Nf5 65. Re4 Rf1+ 66. Kg2 Rc1 67. d5 Rc2+ 68. Kg1 Rxb2 69. Rxe6+ Kd8 70. Nxa4 Rc2 71. Rxg6 1/2-1/2

[Event "Czech Open GMA"]
[Site "Pardubice CEC"]
[Date "2007.07.20"]
[Round "1"]
[White "Aepfler, C."]
[Black "Saric, A."]
[Result "1/2-1/2"]
[WhiteElo "2282"]
[BlackElo "2499"]
[PlyCount "36"]
[EventDate "2007.07.20"]
[Source "www.chesslib.no"]
[SourceDate "2004.05.04"]

1. e4 d5 2. Nc3 Nf6 3. exd5 Nxd5 4. Bc4 Nb6 5. Bb3 Nc6 6. Nf3 g6 7. O-O Bg7 8. d3 Na5 9. Bf4 Nxb3 10. axb3 O-O 11. Re1 c5 12. Qd2 Re8 13. Bh6 Bh8 14. Qg5 Bf5 15. Nh4 Bf6 16. Qg3 Qd7 17. Bg5 Bxg5 18. Qxg5 f6 1/2-1/2

[Event "Wch U18"]
[Site "Guarapuava BRA"]
[Date "1995.??.??"]
[Round "10"]
[White "Ibraev, Nurlan"]
[Black "Vescovi, Giovanni P"]
[Result "1-0"]
[WhiteElo "2315"]
[BlackElo "2465"]
[PlyCount "77"]
[EventDate "1995.??.??"]
[Source "www.chesslib.no"]
[SourceDate "2004.05.04"]

1. e4 d5 2. exd5 Nf6 3. Nc3 Nxd5 4. Bc4 c6 5. Qf3 Nf6 6. Nge2 Bg4 7. Qe3 Nbd7 8. h3 Bxe2 9. Qxe2 e6 10. a3 Nb6 11. Bb3 Be7 12. d3 O-O 13. Bd2 a5 14. Ne4 a4 15. Ba2 Qc7 16. O-O c5 17. Rae1 Rac8 18. f4 Qd7 19. c3 Nbd5 20. g4 Rfd8 21. f5 Nc7 22. Rf3 exf5 23. Ng5 fxg4 24. Re3 Ncd5 25. Rxe7 Qxe7 26. Qxe7 Nxe7 27. Rxe7 Rxd3 28. Bxf7+ Kh8 29. Be1 Nd5 30. Rd7 Nf4 31. Rxd3 Nxd3 32. Ba2 g6 33. Bg3 Kg7 34. Bc4 Nxb2 35. Be5+ Kh6 36. Nf7+ Kh5 37. Be2 Kh4 38. Kh2 Rf8 39. Bg3+ 1-0

[Event "Komercni Banka op"]
[Site "Pardubice"]
[Date "1997.07.20"]
[Round "4"]
[White "Skatchkov, Pavel"]
[Black "Galkin, Sergey"]
[Result "1-0"]
[WhiteElo "2435"]
[BlackElo "2340"]
[PlyCount "91"]
[EventDate "1997.07.17"]
[Source "www.chesslib.no"]
[SourceDate "2004.05.04"]

1. e4 d5 2. exd5 Nf6 3. Nc3 Nxd5 4. Bc4 c6 5. Qf3 Nf6 6. Nge2 Bg4 7. Qe3 Bxe2 8. Nxe2 Nbd7 9. Qb3 Ne5 10. Qxb7 Nfd7 11. Qb3 Rb8 12. Qc3 e6 13. Bb3 Bd6 14. Qh3 h5 15. d4 Ng4 16. f3 Ngf6 17. O-O Qa5 18. Qh4 Rg8 19. Nc3 g5 20. Qf2 Qc7 21. g3 h4 22. g4 Rg6 23. Ne4 Nxe4 24. fxe4 Rf6 25. Qe2 Bxh2+ 26. Kh1 Rxf1+ 27. Qxf1 Qg3 28. Qg2 Nf6 29. Bxg5 Nxg4 30. Rf1 h3 31. Qe2 Bg1 32. Bf4 Qg2+ 33. Qxg2 hxg2+ 34. Kxg2 Rxb3 35. axb3 Bxd4 36. c3 Bb6 37. Kf3 Nf6 38. b4 Nd7 39. Bd6 Nf6 40. Ra1 Kd7 41. Bb8 Kc8 42. Bxa7 Kb7 43. Bxb6 Kxb6 44. Ra8 Nd7 45. Kf4 Kc7 46. e5 1-0

[Event "RUS-Cup03 (Geller mem)"]
[Site "Moscow"]
[Date "1999.02.14"]
[Round "5"]
[White "Grigoriants, Sergey"]
[Black "Vlassov, Nikolai"]
[Result "1/2-1/2"]
[WhiteElo "2313"]
[BlackElo "2454"]
[PlyCount "69"]
[EventDate "1999.02.10"]
[Source "ChessBase"]
[SourceDate "1999.06.08"]

1. e4 d5 2. exd5 Nf6 3. Nc3 Nxd5 4. Bc4 Be6 5. Qf3 c6 6. Nge2 Nc7 7. Bxe6 Nxe6 8. O-O g6 9. Rd1 Nd4 10. Nxd4 Qxd4 11. Ne2 Qc5 12. Qb3 Qb5 13. Qxb5 cxb5 14. Nc3 b4 15. Nd5 Na6 16. c4 e6 17. Nf4 Bg7 18. d4 O-O 19. Be3 Rfd8 20. b3 Nc7 21. Rd2 b5 22. Rad1 bxc4 23. bxc4 a5 24. d5 exd5 25. Bb6 Rd7 26. Nxd5 Nxd5 27. Rxd5 Rxd5 28. cxd5 Bf6 29. Re1 a4 30. d6 b3 31. axb3 axb3 32. d7 b2 33. d8=Q+ Bxd8 34. Bd4 Kf8 35. Bxb2 1/2-1/2

[Event "Ostende op"]
[Site "Ostende"]
[Date "1991.??.??"]
[Round "5"]
[White "Apicella, Manuel"]
[Black "Maahs, Erich"]
[Result "1-0"]
[WhiteElo "2455"]
[BlackElo "2310"]
[PlyCount "77"]
[EventDate "1991.09.??"]
[Source "ChessBase"]

1. e4 d5 2. exd5 Nf6 3. Nc3 Nxd5 4. Bc4 c6 5. d4 Bf5 6. Nf3 e6 7. O-O Be7 8. Re1 O-O 9. Ne4 Nd7 10. c3 Qc7 11. Ng3 Bg6 12. Ne5 Nxe5 13. dxe5 Nb6 14. Bb3 c5 15. a4 c4 16. Ba2 Kh8 17. Qg4 Rac8 18. a5 Nd7 19. Bf4 b5 20. axb6 axb6 21. Bb1 Nc5 22. h4 b5 23. Re3 Rcd8 24. h5 Bxb1 25. Rxb1 h6 26. Ne2 Rd3 27. Rg3 Rxg3 28. Qxg3 Nd3 29. b4 Ra8 30. Qf3 Ra2 31. Nc1 Nxc1 32. Rxc1 Kh7 33. Rd1 g6 34. hxg6+ fxg6 35. Qh3 g5 36. Qxe6 Ra7 37. Be3 Rb7 38. Qf7+ Kh8 39. e6 1-0

[Event "Corr"]
[Site "?"]
[Date "1995.??.??"]
[Round "?"]
[White "Kolenbrander Joop N"]
[Black "Lonoff Marc J"]
[Result "1-0"]
[WhiteElo "2348"]
[BlackElo "2415"]
[PlyCount "97"]
[EventDate "1995.??.??"]
[Source "www.chesslib.no"]
[SourceDate "2004.05.04"]

1. Nc3 d5 2. e4 Nf6 3. e5 Nfd7 4. f4 e6 5. Nf3 c5 6. d3 Nc6 7. g3 b5 8. Bg2 b4 9. Ne2 a5 10. O-O Be7 11. g4 h5 12. gxh5 Rxh5 13. Ng3 Rh8 14. c4 bxc3 15. bxc3 Ba6 16. Re1 g6 17. Rb1 Rb8 18. Rxb8 Qxb8 19. Qc2 g5 20. Nxg5 Bxg5 21. fxg5 Ndxe5 22. g6 Nxg6 23. Bxd5 Nce5 24. d4 Bc4 25. Be4 Ng4 26. Qa4+ Bb5 27. Qb3 Rxh2 28. c4 Rh3 29. Qxb5+ Qxb5 30. cxb5 Rxg3+ 31. Kf1 cxd4 32. b6 Kd7 33. b7 Kc7 34. Bd2 Rc3 35. Bxc3 dxc3 36. Rc1 Ne3+ 37. Kf2 Nd5 38. Bxd5 exd5 39. Rxc3+ Kxb7 40. Rc5 Kb6 41. Rxd5 Ne7 42. Rd7 Nc6 43. Ke2 Kb5 44. Kd2 Kb4 45. Kc1 Ka3 46. Kb1 Nb4 47. Rxf7 Ka4 48. Rf5 Nc6 49. Kb2 1-0

[Event "Karvina Open"]
[Site "Karvina"]
[Date "1992.??.??"]
[Round "6"]
[White "Jakubiec, Artur"]
[Black "Maljutin, Evgeni"]
[Result "0-1"]
[WhiteElo "2280"]
[BlackElo "2480"]
[PlyCount "46"]
[EventDate "1992.??.??"]
[Source "www.chesslib.no"]
[SourceDate "2004.05.04"]

1. e4 d5 2. exd5 Nf6 3. Nc3 Nxd5 4. Bc4 Nxc3 5. Qf3 e6 6. Qxc3 Nc6 7. Ne2 Qf6 8. Qxf6 gxf6 9. d4 Rg8 10. Rg1 Bd7 11. d5 Nb4 12. dxe6 Bxe6 13. Bd3 O-O-O 14. Nf4 Rxd3 15. cxd3 Nc2+ 16. Kd2 Nxa1 17. Nxe6 Bb4+ 18. Kd1 fxe6 19. Bd2 a5 20. g3 Bc5 21. Bxa5 Kd7 22. Kc1 Ra8 23. Bc3 Nb3+ 0-1

[Event "XII Open Neckar"]
[Site "Deizisau GER"]
[Date "2008.03.21"]
[Round "3.13"]
[White "Frübing, Stefan"]
[Black "Boidman, Yuri"]
[Result "1/2-1/2"]
[WhiteElo "2313"]
[BlackElo "2446"]
[PlyCount "45"]
[EventDate "2008.03.20"]
[Source "www.chesslib.no"]
[SourceDate "2004.05.04"]

1. e4 d5 2. exd5 Nf6 3. Nc3 Nxd5 4. Bc4 Nb6 5. Bb3 Nc6 6. Nf3 a5 7. a4 e5 8. d3 Bg4 9. h3 Bh5 10. Nb5 Be7 11. Be3 O-O 12. g4 Bg6 13. h4 h5 14. Ng5 Nd4 15. gxh5 Bf5 16. Bxd4 exd4 17. Qf3 Bxg5 18. Qxf5 Bh6 19. Kf1 Rc8 20. Na7 Ra8 21. Nb5 Rc8 22. Na7 Ra8 23. Nb5 1/2-1/2